[Event "FIN-chT1A 1516"]
[Site "Finland"]
[Date "2015.09.12"]
[Round "1.8"]
[White "Savola, Ari"]
[Black "Blinov, Jurij"]
[Result "1/2-1/2"]
[WhiteElo "1966"]
[BlackElo "1923"]
[PlyCount "146"]
[EventDate "2015.09.12"]
[EventType "team-tourn"]
[EventRounds "8"]
[EventCountry "FIN"]
[SourceTitle "EXT 2017"]
[Source "ChessBase"]
[SourceDate "2016.10.25"]
[SourceVersion "1"]
[SourceVersionDate "2016.10.25"]
[SourceQuality "1"]
[WhiteTeam "Pori PSY"]
[BlackTeam "Helsinki HSK II"]
[WhiteTeamCountry "FIN"]
[BlackTeamCountry "FIN"]

1. d4 Nf6 2. c4 e5 3. dxe5 Ng4 4. Nf3 Nc6 5. Nc3 Ngxe5 6. e3 d6 7. Be2 Bd7 8. 0-0 g6 9. Nd4 Bg7 10. a3 a5 11. Ndb5 Be6 12. Nd5 Rc8 13. e4 f5 14. exf5 gxf5 15. Bh5+ Kf8 16. Re1 Bf7 17. Bxf7 Nxf7 18. Nf4 Qd7 19. Ne6+ Kg8 20. Qh5 Re8 21. Nbxc7 Qxc7 22. Bh6 Rxe6 23. Rxe6 Bxh6 24. Qxf5 Ne7 25. Qf6 Bg5 26. Qd4 Qc5 27. Qg4 h5 28. Qe2 Ne5 29. Rd1 Rh6 30. Rxh6 Bxh6 31. Qxh5 Nf7 32. Qg4+ Kf8 33. h4 Bg7 34. b3 Qf5 35. Qe2 Nc6 36. g3 Nd4 37. Qe3 Qe5 38. Qd3 Qe2 39. Kg2 Qxd3 40. Rxd3 Ke7 41. b4 axb4 42. axb4 Nd8 43. f4 N8c6 44. Re3+ Kd7 45. c5 d5 46. b5 Nxb5 47. g4 Nd8 48. g5 d4 49. Re1 Nc3 50. f5 d3 51. Re3 Kc6 52. Rxd3 Nd5 53. Kf3 Kxc5 54. f6 Bf8 55. Ke4 Nxf6+ 56. gxf6 Nf7 57. Kf5 Nd6+ 58. Ke6 b5 59. h5 b4 60. Rd5+ Kc4 61. Rxd6 Bxd6 62. h6 b3 63. h7 b2 64. h8Q b1Q 65. Kxd6 Qb6+ 66. Ke7 Qc7+ 67. Ke6 Qc6+ 68. Kf5 Qf3+ 69. Kg6 Qg4+ 70. Kh6 Qh3+ 71. Kg7 Qg4+ 72. Kf8 Qc8+ 73. Kg7 Qg4+ 1/2-1/2

[Event "FIN-chT1 West 1314"]
[Site "Finland"]
[Date "2014.02.08"]
[Round "6.7"]
[White "Lehtinen, Tero"]
[Black "Savola, Ari"]
[Result "0-1"]
[WhiteElo "1805"]
[BlackElo "1949"]
[PlyCount "114"]
[EventDate "2013.09.21"]
[EventType "team-tourn"]
[EventRounds "9"]
[EventCountry "FIN"]
[SourceTitle "EXT 2022"]
[Source "ChessBase"]
[SourceDate "2021.10.06"]
[SourceVersion "1"]
[SourceVersionDate "2021.10.06"]
[SourceQuality "1"]
[WhiteTeam "Turku AS"]
[BlackTeam "Pori PSY"]
[WhiteTeamCountry "FIN"]
[BlackTeamCountry "FIN"]

1. e4 e6 2. d4 d5 3. Nd2 Nf6 4. e5 Nfd7 5. Bd3 c5 6. c3 Nc6 7. Ne2 Qb6 8. Nf3 cxd4 9. cxd4 f6 10. exf6 Nxf6 11. 0-0 Bd6 12. a3 0-0 13. b4 e5 14. dxe5 Nxe5 15. Nxe5 Bxe5 16. Be3 Qd8 17. Bd4 Ng4 18. h3 Qh4 19. Ra2 Rf6 20. Qa1 Qh5 21. f4 Bxd4+ 22. Qxd4 Nh6 23. Rf3 Be6 24. g4 Nxg4 25. hxg4 Bxg4 26. Rg3 Raf8 27. f5 Bf3 28. Kf2 Be4 29. Bxe4 dxe4 30. Kg2 Qf7 31. Rc2 Rxf5 32. Nc3 Rf3 33. Qd5 Rxg3+ 34. Kxg3 Qxd5 35. Nxd5 Rf3+ 36. Kg2 Rxa3 37. Re2 Rd3 38. Ne7+ Kf7 39. Rxe4 g6 40. Nc8 Kf6 41. Nxa7 Rb3 42. Nc8 h5 43. Nd6 b6 44. Nc8 Rb2+ 45. Kf3 g5 46. Nxb6 Kf5 47. Rc4 g4+ 48. Kg3 Rb3+ 49. Kg2 Rb2+ 50. Kf1 Rb1+ 51. Ke2 h4 52. Nd5 Rb2+ 53. Kd3 Kg5 54. Kc3 Rb1 55. Kc2 Re1 56. b5 h3 57. Kd2 h2 0-1

[Event "FIN-chT1 West 1314"]
[Site "Finland"]
[Date "2013.09.21"]
[Round "1.5"]
[White "Savola, Ari"]
[Black "Eklund, Kari"]
[Result "1-0"]
[WhiteElo "1949"]
[BlackElo "2139"]
[PlyCount "83"]
[EventDate "2013.09.21"]
[EventType "team-tourn"]
[EventRounds "9"]
[EventCountry "FIN"]
[SourceTitle "EXT 2022"]
[Source "ChessBase"]
[SourceDate "2021.10.06"]
[SourceVersion "1"]
[SourceVersionDate "2021.10.06"]
[SourceQuality "1"]
[WhiteTeam "Pori PSY"]
[BlackTeam "Vantaa Remi"]
[WhiteTeamCountry "FIN"]
[BlackTeamCountry "FIN"]

1. d4 Nf6 2. c4 c5 3. d5 b5 4. cxb5 a6 5. b6 g6 6. Nc3 Bg7 7. a4 Qxb6 8. a5 Qc7 9. e4 0-0 10. Nf3 d6 11. Nd2 Nbd7 12. Be2 Bb7 13. 0-0 Rfe8 14. Nc4 Rad8 15. Bf4 h6 16. Qc2 Nh7 17. Rfd1 g5 18. Bg3 Bd4 19. Bd3 Nhf8 20. Ne2 Bg7 21. f4 Ng6 22. Rf1 gxf4 23. Nxf4 Bd4+ 24. Kh1 Nge5 25. Nh5 Nxc4 26. Bxc4 Ne5 27. Bxe5 Bxe5 28. Qd2 Qd7 29. Rf5 Bg7 30. Ra3 e6 31. Nf6+ Bxf6 32. Rxf6 exd5 33. Rg3+ Kf8 34. Qxh6+ Ke7 35. exd5 Qa4 36. b3 Qa1+ 37. Rf1 Qb2 38. Rgf3 Rf8 39. Qe3+ Kd7 40. Rxf7+ Rxf7 41. Rxf7+ Kc8 42. Qe7 1-0

[Event "Turku We TSY"]
[Site "Turku"]
[Date "2011.??.??"]
[Round "4"]
[White "Rauramaa, Julius"]
[Black "Savola, Ari"]
[Result "0-1"]
[WhiteElo "1839"]
[BlackElo "1959"]
[PlyCount "98"]
[EventDate "2011.??.??"]
[EventType "swiss"]
[EventRounds "5"]
[EventCountry "FIN"]
[SourceTitle "EXT 2022"]
[Source "ChessBase"]
[SourceDate "2021.10.06"]
[SourceVersion "1"]
[SourceVersionDate "2021.10.06"]
[SourceQuality "1"]

1. e4 e6 2. d4 d5 3. Nd2 Nf6 4. e5 Nfd7 5. f4 c5 6. c3 Nc6 7. Ndf3 cxd4 8. cxd4 f6 9. g3 Be7 10. Kf2 Qb6 11. Kg2 fxe5 12. fxe5 h6 13. Bd3 g5 14. h3 Rf8 15. Ne2 Kd8 16. Rf1 Kc7 17. Nc3 Kb8 18. Na4 Qd8 19. Be3 Rg8 20. Rc1 Nb6 21. Nc5 Bd7 22. Rf2 g4 23. hxg4 Rxg4 24. Nxd7+ Nxd7 25. Qb3 Nb6 26. Bf4 Qg8 27. Nh2 Rg7 28. Rxc6 bxc6 29. a4 Kc7 30. Rc2 Rb8 31. Qc3 Kd8 32. a5 Nc4 33. Bxc4 dxc4 34. Qxc4 Bg5 35. Qxc6 Rd7 36. Bxg5+ hxg5 37. Ng4 Qf7 38. Nf6 Rc7 39. Qd6+ Kc8 40. Rf2 Qe7 41. Qa6+ Rbb7 42. d5 Qc5 43. Qxe6+ Kb8 44. Qe8+ Rc8 45. Nd7+ Rxd7 46. Qxd7 Qd4 47. Qd6+ Ka8 48. a6 Qe4+ 49. Kh2 Rh8+ 0-1

[Event "Turku We TSY"]
[Site "Turku"]
[Date "2010.??.??"]
[Round "2"]
[White "Julkunen, Tapio"]
[Black "Savola, Ari"]
[Result "1-0"]
[WhiteElo "1987"]
[BlackElo "1974"]
[PlyCount "133"]
[EventDate "2010.??.??"]
[EventType "swiss"]
[EventRounds "5"]
[EventCountry "FIN"]
[SourceTitle "EXT 2022"]
[Source "ChessBase"]
[SourceDate "2021.10.06"]
[SourceVersion "1"]
[SourceVersionDate "2021.10.06"]
[SourceQuality "1"]

1. Nf3 Nf6 2. c4 g6 3. Nc3 Bg7 4. d4 0-0 5. e4 d6 6. Be2 Nbd7 7. 0-0 c5 8. Be3 Ng4 9. Bg5 h6 10. Bc1 cxd4 11. Nxd4 Ngf6 12. Be3 Ne5 13. f3 Kh7 14. Qd2 a6 15. Rfd1 Bd7 16. Rac1 Rc8 17. Nd5 Ng8 18. b3 Bc6 19. Nxc6 Nxc6 20. Bb6 Qd7 21. Be3 Qe6 22. Nb6 Rcd8 23. Nd5 Qe5 24. Bb6 Rc8 25. Qd3 Nf6 26. f4 Qe6 27. Bf3 Nd7 28. Bf2 Nc5 29. Qe2 Rcd8 30. b4 Na4 31. b5 Nb8 32. Qc2 axb5 33. cxb5 Nb2 34. f5 Qd7 35. f6 Nxd1 36. fxg7 Rfe8 37. Qxd1 Qxb5 38. Nc7 Qa5 39. Nxe8 Rxe8 40. Qb3 Kxg7 41. Qb2+ f6 42. Qxb7 Qxa2 43. h3 Na6 44. Qc6 Kf8 45. Be3 h5 46. Bh6+ Kf7 47. Qc3 Nc5 48. Be3 Nd7 49. Bd1 Rb8 50. Kh2 Ne5 51. Ra1 Qe6 52. Bf4 Rc8 53. Qb3 Nc4 54. Bf3 h4 55. Bg4 f5 56. exf5 gxf5 57. Bh5+ Kf6 58. Qc3+ Ne5 59. Qe1 Ng6 60. Qxe6+ Kxe6 61. Bxg6 Kf6 62. Bh5 e5 63. Be3 Rc3 64. Bf2 Kg5 65. Bd1 e4 66. Be1 d5 67. Bxc3 1-0

[Event "Jyvaskyla Olkinuora Memorial"]
[Site "Jyvaskyla"]
[Date "2010.??.??"]
[Round "5"]
[White "Ronka, Erik"]
[Black "Savola, Ari"]
[Result "1-0"]
[WhiteElo "1979"]
[BlackElo "1974"]
[PlyCount "89"]
[EventDate "2010.??.??"]
[EventType "swiss"]
[EventRounds "5"]
[EventCountry "FIN"]
[SourceTitle "EXT 2022"]
[Source "ChessBase"]
[SourceDate "2021.10.06"]
[SourceVersion "1"]
[SourceVersionDate "2021.10.06"]
[SourceQuality "1"]

1. e4 e6 2. d4 d5 3. Nc3 Bb4 4. e5 c5 5. Qg4 Ne7 6. dxc5 Nbc6 7. Qxg7 Rg8 8. Qxh7 Nxe5 9. f4 Qa5 10. Bd2 Ng4 11. Qd3 Qxc5 12. Qb5+ Bd7 13. Qxc5 Bxc5 14. Nh3 Nf5 15. 0-0-0 a6 16. Re1 Bc6 17. Nd1 d4 18. Nhf2 Nge3 19. Nd3 Bb6 20. Rg1 Rc8 21. Bxe3 dxe3 22. Be2 Be4 23. Nc3 Bxd3 24. Bxd3 Nh4 25. Be4 Rc7 26. g3 f5 27. gxh4 Rxg1 28. Rxg1 e2 29. Re1 Be3+ 30. Kb1 fxe4 31. Rxe2 Rg7 32. a3 Bxf4 33. Rxe4 e5 34. Nd5 Bxh2 35. Nf6+ Kf7 36. Ng4 Bg3 37. Nxe5+ Kf6 38. Nd3 Kf5 39. Rb4 Rh7 40. Nc5 Bd6 41. Rxb7 Rxh4 42. Nxa6 Ra4 43. Nb4 Ke4 44. Rb6 Bc5 45. Ra6 1-0

[Event "Tampere We TammerSh 1st"]
[Site "Tampere"]
[Date "2009.??.??"]
[Round "2"]
[White "Pohjala, Henri"]
[Black "Savola, Ari"]
[Result "1-0"]
[WhiteElo "2118"]
[BlackElo "1975"]
[PlyCount "55"]
[EventDate "2009.??.??"]
[EventType "swiss"]
[EventRounds "5"]
[EventCountry "FIN"]
[SourceTitle "EXT 2011"]
[Source "ChessBase"]
[SourceDate "2010.11.26"]
[SourceVersion "1"]
[SourceVersionDate "2010.11.26"]
[SourceQuality "1"]

1. d4 d5 2. Nf3 Nf6 3. c4 e6 4. Nc3 Bb4 5. Qb3 Bxc3+ 6. Qxc3 0-0 7. g3 b6 8. Bg2 Ba6 9. b3 Nbd7 10. 0-0 Rc8 11. Ba3 Re8 12. Rac1 c5 13. Ne5 dxc4 14. Nc6 Qc7 15. dxc5 Nd5 16. Bxd5 exd5 17. Bb2 f6 18. Nb4 Bb7 19. cxb6 Nxb6 20. Qd2 a5 21. Nd3 Qc6 22. Nf4 Qb5 23. Bd4 cxb3 24. axb3 Rxc1 25. Rxc1 Qxb3 26. Qxa5 Nc4 27. Qc7 Qb5 28. Nh5 1-0

[Event "FIN-ch op"]
[Site "Naantali"]
[Date "2008.07.??"]
[Round "2"]
[White "Savola, Ari"]
[Black "Koskela, Niina"]
[Result "0-1"]
[WhiteElo "1971"]
[BlackElo "2251"]
[PlyCount "60"]
[EventDate "2008.07.??"]
[EventType "swiss"]
[EventRounds "9"]
[EventCountry "FIN"]
[SourceTitle "EXT 2010"]
[Source "ChessBase"]
[SourceDate "2010.11.25"]
[SourceVersion "1"]
[SourceVersionDate "2010.11.25"]
[SourceQuality "1"]

1. d4 Nf6 2. c4 e6 3. Nc3 Bb4 4. Qc2 c5 5. a3 Bxc3+ 6. bxc3 Nc6 7. Nf3 d6 8. Bf4 Qe7 9. dxc5 dxc5 10. Ne5 Nxe5 11. Bxe5 0-0 12. e3 Ne8 13. Be2 f6 14. Bg3 e5 15. Bf3 Nd6 16. 0-0 Be6 17. Rfd1 Bxc4 18. Bd5+ Bxd5 19. Rxd5 Nf7 20. Rad1 Rfd8 21. Qe4 Rxd5 22. Rxd5 Rd8 23. f4 Nd6 24. Qb1 Nc4 25. Qb3 Rxd5 26. Qxc4 Qf7 27. Qa4 Qd7 28. Qb3 Kf8 29. h3 e4 30. Kh2 b5 0-1

[Event "Turku We TSY op"]
[Site "Turku"]
[Date "2008.??.??"]
[Round "5"]
[White "Penttila, Tero"]
[Black "Savola, Ari"]
[Result "1-0"]
[WhiteElo "2046"]
[BlackElo "1975"]
[PlyCount "93"]
[EventDate "2008.??.??"]
[EventType "swiss"]
[EventRounds "5"]
[EventCountry "FIN"]
[SourceTitle "EXT 2010"]
[Source "ChessBase"]
[SourceDate "2010.11.25"]
[SourceVersion "1"]
[SourceVersionDate "2010.11.25"]
[SourceQuality "1"]

1. e4 d5 2. exd5 Qxd5 3. Nc3 Qd6 4. d4 c6 5. g3 Nf6 6. Bg2 Bg4 7. Nf3 e6 8. h3 Bxf3 9. Bxf3 Qc7 10. Bg2 Bd6 11. Qf3 Nbd7 12. 0-0 0-0 13. b3 Rad8 14. Bb2 e5 15. dxe5 Nxe5 16. Qf5 Qd7 17. Qxd7 Rxd7 18. Rad1 Rfd8 19. Rfe1 Ng6 20. Ne4 Nxe4 21. Rxe4 Be7 22. Rde1 Rd1 23. h4 Kf8 24. h5 Rxe1+ 25. Rxe1 Nh8 26. Bxg7+ Kxg7 27. Rxe7 Rb8 28. g4 Kf6 29. Rd7 Ke6 30. Rd3 f6 31. Be4 h6 32. f4 Ke7 33. Bf5 Rd8 34. Rxd8 Kxd8 35. Kf2 Nf7 36. Ke3 Nd6 37. Bd3 Ke7 38. Kd4 Ne8 39. c4 Nc7 40. Bf5 b6 41. b4 Kd6 42. g5 fxg5 43. fxg5 c5+ 44. bxc5+ bxc5+ 45. Ke3 hxg5 46. h6 Ne8 47. h7 1-0

[Event "Turku We TSY op"]
[Site "Turku"]
[Date "2008.??.??"]
[Round "2"]
[White "Puuska, Heini"]
[Black "Savola, Ari"]
[Result "1-0"]
[WhiteElo "2013"]
[BlackElo "1975"]
[PlyCount "62"]
[EventDate "2008.??.??"]
[EventType "swiss"]
[EventRounds "5"]
[EventCountry "FIN"]
[SourceTitle "EXT 2010"]
[Source "ChessBase"]
[SourceDate "2010.11.25"]
[SourceVersion "1"]
[SourceVersionDate "2010.11.25"]
[SourceQuality "1"]

1. d4 d5 2. c4 e6 3. Nc3 Nf6 4. cxd5 exd5 5. Bg5 Be7 6. e3 0-0 7. Bd3 Nbd7 8. Nge2 c6 9. 0-0 Re8 10. Qc2 Nf8 11. f3 Ng6 12. e4 dxe4 13. fxe4 Ng4 14. Bd2 Bg5 15. Bc4 Be6 16. d5 Qd6 17. Ng3 Qc5+ 18. Kh1 cxd5 19. exd5 Bxd2 20. dxe6 fxe6 21. Nce4 Qc6 22. Qxd2 Qxc4 23. Nd6 Qa4 24. Nxe8 Rxe8 25. b3 Qb5 26. Rad1 N6e5 27. Ne4 Qb6 28. Rde1 Rd8 29. Qf4 h6 30. h3 g5 31. Nxg5 Ne3 1-0

[Event "Kurikka We op"]
[Site "Kurikka"]
[Date "2008.??.??"]
[Round "3"]
[White "Rantanen, Veikko J"]
[Black "Savola, Ari"]
[Result "0-1"]
[WhiteElo "2015"]
[BlackElo "1971"]
[PlyCount "84"]
[EventDate "2008.10.??"]
[EventType "swiss"]
[EventRounds "5"]
[EventCountry "FIN"]
[SourceTitle "CBM 127 Extra"]
[Source "ChessBase"]
[SourceDate "2009.01.08"]
[SourceVersion "2"]
[SourceVersionDate "2009.01.28"]
[SourceQuality "1"]

1. e4 d5 2. exd5 Qxd5 3. Nc3 Qd6 4. Nf3 Bg4 5. Be2 Nf6 6. d4 c6 7. 0-0 e6 8. Be3 Nbd7 9. a3 Qc7 10. b4 Bd6 11. h3 Bh5 12. Ng5 Bxe2 13. Qxe2 h6 14. Nge4 0-0 15. Qf3 Nd5 16. Ne2 Be7 17. c4 Nxe3 18. Qxe3 Nf6 19. Rac1 Nxe4 20. Qxe4 a5 21. Rb1 axb4 22. axb4 Ra4 23. c5 Bf6 24. b5 Rd8 25. bxc6 bxc6 26. Rfd1 Qd7 27. Rb6 Rc8 28. Qc2 Rca8 29. Rdb1 g6 30. Rb7 Qd5 31. Nc3 Qc4 32. Qd2 Ra1 33. Ne2 Kg7 34. Nf4 Rxb1+ 35. Rxb1 Qxd4 36. Qxd4 Bxd4 37. Rb6 Bxc5 38. Rxc6 Ra1+ 39. Kh2 Bxf2 40. Rc2 Bg1+ 41. Kg3 Ra3+ 42. Kg4 f5+ 0-1

[Event "Mikkeli We MikkSK 4th"]
[Site "Mikkeli"]
[Date "2008.??.??"]
[Round "5"]
[White "Savola, Ari"]
[Black "Tuononen, Janne"]
[Result "1/2-1/2"]
[WhiteElo "1975"]
[BlackElo "1880"]
[PlyCount "66"]
[EventDate "2008.??.??"]
[EventType "swiss"]
[EventRounds "5"]
[EventCountry "FIN"]
[SourceTitle "EXT 2022"]
[Source "ChessBase"]
[SourceDate "2021.10.06"]
[SourceVersion "1"]
[SourceVersionDate "2021.10.06"]
[SourceQuality "1"]

1. d4 e6 2. c4 Nf6 3. Nc3 Bb4 4. Qc2 c5 5. a3 Bxc3+ 6. bxc3 Nc6 7. Nf3 d5 8. e3 0-0 9. Bd3 Na5 10. cxd5 exd5 11. dxc5 Qc7 12. a4 Re8 13. Ba3 Ne4 14. 0-0 Nc4 15. Nd4 Nxa3 16. Rxa3 Qxc5 17. Rb3 a6 18. Rfb1 Qa5 19. Rb4 h6 20. Nb3 Qc7 21. Bxe4 dxe4 22. Rxe4 Be6 23. Nd4 Bd5 24. Rxe8+ Rxe8 25. Qd2 Be4 26. Rb4 Qc5 27. f3 Bc6 28. Nxc6 Qxc6 29. Qd3 Rc8 30. Rb3 Rc7 31. Rb6 Qxc3 32. Qxc3 Rxc3 33. Rxb7 Rc4 1/2-1/2

[Event "Tampere We Taraus op"]
[Site "Tampere"]
[Date "2006.??.??"]
[Round "5"]
[White "Kiltti, Jyrki"]
[Black "Savola, Ari"]
[Result "1-0"]
[WhiteElo "2205"]
[BlackElo "2023"]
[PlyCount "77"]
[EventDate "2006.??.??"]
[EventType "swiss"]
[EventRounds "5"]
[EventCountry "FIN"]
[SourceTitle "EXT 2007"]
[Source "ChessBase"]
[SourceDate "2006.11.23"]
[SourceVersion "1"]
[SourceVersionDate "2006.11.23"]
[SourceQuality "1"]

1. Nc3 Nf6 2. d4 d5 3. Bf4 c6 4. Nf3 e6 5. e3 Bb4 6. Bd3 Nbd7 7. 0-0 0-0 8. h3 a6 9. a3 Be7 10. a4 c5 11. a5 c4 12. Be2 Bb4 13. e4 dxe4 14. Nd2 Bxa5 15. Ndxe4 b5 16. Bf3 Ra7 17. Nd6 Bb6 18. Re1 Ne8 19. Nce4 Nxd6 20. Bxd6 Re8 21. Nc5 Bc7 22. Ne4 Bb6 23. Ba3 a5 24. c3 Bc7 25. Nd6 Bxd6 26. Bxd6 Nf6 27. Bc5 Ra6 28. b3 Nd5 29. bxc4 Nxc3 30. Qd3 b4 31. d5 exd5 32. cxd5 Rxe1+ 33. Rxe1 Rg6 34. Be7 Qe8 35. Kh2 Ba6 36. Qf5 Bc8 37. Bxb4 Qd8 38. Qe5 Bd7 39. Bxc3 1-0

[Event "Tampere We Taraus op"]
[Site "Tampere"]
[Date "2006.??.??"]
[Round "2"]
[White "Savola, Ari"]
[Black "Salokangas, Hannu"]
[Result "1/2-1/2"]
[WhiteElo "2023"]
[BlackElo "2177"]
[PlyCount "70"]
[EventDate "2006.??.??"]
[EventType "swiss"]
[EventRounds "5"]
[EventCountry "FIN"]
[SourceTitle "EXT 2007"]
[Source "ChessBase"]
[SourceDate "2006.11.23"]
[SourceVersion "1"]
[SourceVersionDate "2006.11.23"]
[SourceQuality "1"]

1. d4 Nf6 2. c4 g6 3. Nc3 d5 4. Nf3 Bg7 5. e3 0-0 6. Qb3 dxc4 7. Bxc4 c5 8. dxc5 Qc7 9. Ng5 e6 10. Nge4 Nxe4 11. Nxe4 Qc6 12. f3 Na6 13. Bd2 f5 14. Bxa6 bxa6 15. Nd6 Bd7 16. Qc2 Rab8 17. Rb1 Be5 18. Qc1 Qd5 19. a3 Bxd6 20. cxd6 Rfc8 21. Bc3 Qd3 22. Kf2 Qxd6 23. Qd1 Qxd1 24. Rbxd1 Bb5 25. Rd6 Rc6 26. Rhd1 Rxd6 27. Rxd6 Kf7 28. a4 Bc4 29. Rc6 Bd3 30. Rc7+ Ke8 31. Rxh7 Rb6 32. Rxa7 Rc6 33. Rb7 Bc2 34. a5 Bd3 35. Kg3 Bb5 1/2-1/2

[Event "Oulu We Sh 77 op"]
[Site "Oulu"]
[Date "2005.02.26"]
[Round "2"]
[White "Huovinen, Sauli"]
[Black "Savola, Ari"]
[Result "0-1"]
[WhiteElo "1677"]
[BlackElo "1734"]
[PlyCount "76"]
[EventDate "2005.02.26"]
[EventType "swiss"]
[EventRounds "5"]
[EventCountry "FIN"]
[SourceTitle "EXT 2007"]
[Source "ChessBase"]
[SourceDate "2006.11.23"]
[SourceVersion "1"]
[SourceVersionDate "2006.11.23"]
[SourceQuality "1"]

1. e4 e5 2. Nf3 Nc6 3. d4 exd4 4. Bc4 Bc5 5. 0-0 Nge7 6. Ng5 Ne5 7. Nxf7 Nxf7 8. Bxf7+ Kxf7 9. Qh5+ Ng6 10. Qxc5 d6 11. Qxd4 Rf8 12. Nc3 Be6 13. Nd5 Kg8 14. f4 c6 15. f5 cxd5 16. fxe6 Rxf1+ 17. Kxf1 dxe4 18. Qxe4 d5 19. Qf5 Qc7 20. Qf7+ Qxf7+ 21. exf7+ Kxf7 22. Be3 a6 23. Rd1 Rd8 24. Ke2 Rd7 25. Kd3 Ke6 26. g3 Ne5+ 27. Ke2 Rc7 28. c3 g6 29. Bf4 Rc4 30. Bxe5 Kxe5 31. Ke3 b5 32. Rd4 g5 33. Rxc4 dxc4 34. a3 h5 35. Kf3 g4+ 36. Ke3 a5 37. Kf2 Ke4 38. Ke1 Ke3 0-1